| 000 | 00311nam a2200109Ia 4500 | ||
|---|---|---|---|
| 008 | 230907s9999||||xx |||||||||||||| ||und|| | ||
| 082 |
_a621.3 _bIEC |
||
| 100 |
_aIEC Standards _9117978 |
||
| 245 | 0 | _aIEC-TS-61245--ARTIFICIAL POLLUTION TEST ON HIGH-VOLTAGE CERAMIC | |
| 260 |
_bIEC _c2019-08-01 |
||
| 942 |
_2ddc _cEB |
||
| 999 |
_c598708 _d598708 |
||